00788nam a2200193Ia 4500999001500000003000900015005001700024008004100041040002800082090001600110110003000126245009700156260007500253300004500328504002300373650004200396942001200438952014400450 c2716d2716DO-SdBJH20180416225621.0180414s9999 dr 000 0 spa d aDO-SdBJHbspacDO-SdBJH aDM PT 101-0 aEscuela de las Américas10aPT 101-0 El sistema de planeamiento de las operaciones conjuntas / Escuela de las Américas aFuerte Benning, Georgia : Cuartel General Secretaría del Ejército aiii, 88 páginas en varias paginaciones aIncluye apéndice 4aPlaneamiento -- Operaciones conjuntas 2ddccBK 00102ddc40708DMaBEGEMbBEGEMcGENd2018-04-14i18-EERD-01115l0oDM PT 101-0p18-EERD-01115r2018-04-14 00:00:00tEj.1w2018-04-14yBK